Vida e viagens de Fernão de Magalhães / (Record no. 30039)

MARC details
000 -LEADER
campo de control de longitud fija 00696nam a2200193 i 4500
001 - NÚMERO DE CONTROL
campo de control 30039
003 - IDENTIFICADOR DE NÚMERO DE CONTROL
campo de control ES-MaACL
005 - FECHA Y HORA DE LA ÚLTIMA TRANSACCIÓN
campo de control 20230906154129.0
007 - CAMPO FIJO DE DESCRIPCIÓN FÍSICA--INFORMACIÓN GENERAL
campo de control de longitud fija t|
008 - DATOS DE LONGITUD FIJA--INFORMACIÓN GENERAL
campo de control de longitud fija 030123s1881 po |||| |bpor d
080 ## - NÚMERO DE LA CLASIFICACIÓN DECIMAL UNIVERSAL
Número de la Clasificación Decimal Universal 929 Magallanes, Fernando de
100 1# - ENTRADA PRINCIPAL--NOMBRE DE PERSONA
Nombre de persona Barros Arana, Diego.
9 (RLIN) 26053
245 10 - MENCIÓN DEL TÍTULO
Título Vida e viagens de Fernão de Magalhães /
Mención de responsabilidad, etc. por Diego de Barros Arana ; traducçao do hespanhol de Fernando de Magalhaes Villas-Boas.
260 ## - PUBLICACIÓN, DISTRIBUCIÓN, ETC.
Lugar de publicación, distribución, etc. Lisboa :
Nombre del editor, distribuidor, etc. [s.n.,
Fecha de publicación, distribución, etc. 1881] (
Fabricante Typ. da Academia Real das Sciences)
300 ## - DESCRIPCIÓN FÍSICA
Extensión 192 p. ;
Dimensiones 24 cm.
600 14 - PUNTO DE ACCESO ADICIONAL DE MATERIA--NOMBRE DE PERSONA
Nombre de persona Magallanes, Fernando de (
Fechas asociadas al nombre m. 1521)
9 (RLIN) 143242
700 1# - ENTRADA AGREGADA--NOMBRE PERSONAL
Nombre de persona Magalhaes Villas-Boas, Fernande de.
9 (RLIN) 75437
852 4# - LOCALIZACIÓN
Ubicación ES-MaACL
Número de control de estantería G-8468
Holdings
Estatus retirado Estado de pérdida Estado de daño No para préstamo Colección Biblioteca de origen Biblioteca actual Ubicación en estantería Fecha de adquisición Fuente de adquisición Total de préstamos Signatura topográfica completa Código de barras Visto por última vez Precio de reemplazo Tipo de ítem Koha
        Libros del s. XIX Biblioteca del Ateneo de Madrid Biblioteca del Ateneo de Madrid Sala Pecera Planta 3 17/01/2008     G-8468 1031013 23/02/2023 23/02/2023 Libro impreso antiguo